Catàleg del Col·legi de Periodistes de Catalunya

Data Detox Kit (Registre núm. 7656)

000 -CABECERA
Campo de control de longitud fija 00522nam a22001697a 4500
008 - CAMPO FIJO DE DESCRIPCIÓN FIJA--INFORMACIÓN GENERAL
Campo de control de longitud fija 230322b ||||| |||| 00| 0 eng d
040 ## - FUENTE DE CATALOGACIÓN
Agencia de catalogación original CDMR
110 ## - ENCABEZAMIENTO PRINCIPAL--NOMBRE CORPORATIVO
9 (RLIN) 4825
Nombre corporativo o de jurisdicción como elemento de entrada Tactical Tech
245 ## - MENCIÓN DE TÍTULO
Título Data Detox Kit
Mención de responsabilidad, etc. / Tactical Tech
260 ## - PUBLICACIÓN, DISTRIBUCIÓN, ETC (PIE DE IMPRENTA)
Lugar de publicación, distribución, etc. [Berlin?]
Nombre del editor, distribuidor, etc. : Tactical Tech
Fecha de publicación, distribución, etc. , [2022?]
300 ## - DESCRIPCIÓN FÍSICA
Extensión 4 fulletons desplegables
650 #0 - ASIENTO SECUNDARIO DE MATERIA--TÉRMINO DE MATERIA
9 (RLIN) 4787
Nombre de materia o nombre geográfico como elemento de entrada Alfabetització mediàtica
650 #0 - ASIENTO SECUNDARIO DE MATERIA--TÉRMINO DE MATERIA
9 (RLIN) 4286
Nombre de materia o nombre geográfico como elemento de entrada Desinformació
650 #0 - ASIENTO SECUNDARIO DE MATERIA--TÉRMINO DE MATERIA
9 (RLIN) 4796
Nombre de materia o nombre geográfico como elemento de entrada Fake news
856 ## - ACCESO ELECTRÓNICO
Identificador uniforme del recurso URI <a href="https://datadetoxkit.org/ee/home/">https://datadetoxkit.org/ee/home/</a>
Nota Pública Accés en línia
942 ## - ELEMENTOS KOHA
Fuente de clasificación o esquema de ordenación en estanterías
Koha tipo de item Fullets
Fons
Suprimido Perdido Fuente de clasificación o esquema de ordenación en estanterías Estropeado No se presta Localización (Biblioteca) Sublocalización o Colección (subbiblioteca) Fecha de adquisición Fuente de adquisición Koha signatura completa Designación de pieza (código de barras) Koha Fecha de último uso Precio Koha tipo de item
          Centre de Documentació Montserrat Roig Centre de Documentació Montserrat Roig 2023-03-22 Donació Ck 3/37 CDMR22031268 2023-03-22 2023-03-22 Fullets

Implantat amb Koha